[Event "DEM U10w 2023"]
[Site "Willingen GER"]
[Date "2023.06.03"]
[Round "11"]
[White "Lola, Georgia-Maria"]
[Black "Hendler, Felicitas"]
[Result "1-0"]
[Termination "normal"]
[Board "7"]
[WhiteElo "1293"]
[BlackElo "1049"]
[WhiteClock "00:50:36"]
[BlackClock "01:04:04"]
[PlyCount "75"]
[WhiteFideId "34629335"]
[BlackFideId "34616519"]
[EventCountry "GER"]
[EventRounds "11"]
[EventType "swiss"]
[EventDate "2023.05.27"]

1. e4 {[%clk 01:15:57]} {[%emt 00:00:02]} c5 {[%clk 01:15:55]} {[%emt
00:00:06]} 2. Nc3 {[%clk 01:16:19]} {[%emt 00:00:07]} d6 {[%clk 01:16:19]}
{[%emt 00:00:06]} 3. g3 {[%clk 01:16:41]} {[%emt 00:00:08]} Nf6 {[%clk
01:16:35]} {[%emt 00:00:15]} 4. Bg2 {[%clk 01:16:15]} {[%emt 00:00:55]} g6
{[%clk 01:16:54]} {[%emt 00:00:11]} 5. d3 {[%clk 01:15:24]} {[%emt 00:01:21]}
Bg7 {[%clk 01:17:08]} {[%emt 00:00:17]} 6. Nge2 {[%clk 01:15:12]} {[%emt
00:00:41]} O-O {[%clk 01:17:22]} {[%emt 00:00:16]} 7. O-O {[%clk 01:15:30]}
{[%emt 00:00:12]} Nc6 {[%clk 01:17:47]} {[%emt 00:00:06]} 8. h3 {[%clk
01:15:26]} {[%emt 00:00:34]} Bd7 {[%clk 01:18:03]} {[%emt 00:00:14]} 9. f4
{[%clk 01:14:01]} {[%emt 00:01:53]} Qc8 {[%clk 01:18:08]} {[%emt 00:00:26]} 10.
Kh2 {[%clk 01:14:20]} {[%emt 00:00:11]} h5 {[%clk 01:17:23]} {[%emt 00:01:16]}
11. Be3 {[%clk 01:13:39]} {[%emt 00:01:11]} Kh7 {[%clk 01:17:02]} {[%emt
00:00:51]} 12. Qd2 {[%clk 01:09:05]} {[%emt 00:05:03]} Rh8 {[%clk 01:16:58]}
{[%emt 00:00:35]} 13. Rh1 {[%clk 01:08:11]} {[%emt 00:01:23]} Kg8 {[%clk
01:17:13]} {[%emt 00:00:15]} 14. Kg1 {[%clk 01:07:58]} {[%emt 00:00:43]} h4
{[%clk 01:17:33]} {[%emt 00:00:11]} 15. g4 {[%clk 01:07:11]} {[%emt 00:01:17]}
Ne8 {[%clk 01:12:50]} {[%emt 00:05:13]} 16. Rf1 {[%clk 01:06:26]} {[%emt
00:01:11]} f5 {[%clk 01:06:44]} {[%emt 00:06:40]} 17. exf5 {[%clk 01:06:03]}
{[%emt 00:00:52]} gxf5 {[%clk 01:07:02]} {[%emt 00:00:12]} 18. g5 {[%clk
01:05:07]} {[%emt 00:01:26]} e5 {[%clk 01:06:46]} {[%emt 00:00:46]} 19. a3
{[%clk 00:56:18]} {[%emt 00:09:19]} e4 {[%clk 01:06:46]} {[%emt 00:00:30]} 20.
dxe4 {[%clk 00:55:26]} {[%emt 00:01:23]} fxe4 {[%clk 01:07:08]} {[%emt
00:00:08]} 21. Bxe4 {[%clk 00:53:15]} {[%emt 00:02:40]} Bxh3 {[%clk 01:07:03]}
{[%emt 00:00:35]} 22. Bd5+ {[%clk 00:52:37]} {[%emt 00:01:08]} Kf8 {[%clk
01:07:10]} {[%emt 00:00:23]} 23. Bg2 {[%clk 00:51:05]} {[%emt 00:02:01]} Bxg2
{[%clk 01:07:13]} {[%emt 00:00:28]} 24. Kxg2 {[%clk 00:51:21]} {[%emt
00:00:15]} Qg4+ {[%clk 01:06:53]} {[%emt 00:00:50]} 25. Kf2 {[%clk 00:51:39]}
{[%emt 00:00:10]} h3 {[%clk 01:06:51]} {[%emt 00:00:33]} 26. Rfg1 {[%clk
00:51:36]} {[%emt 00:00:33]} Qh4+ {[%clk 01:07:05]} {[%emt 00:00:17]} 27. Kf1
{[%clk 00:51:48]} {[%emt 00:00:16]} h2 {[%clk 01:07:00]} {[%emt 00:00:37]} 28.
Rg2 {[%clk 00:51:57]} {[%emt 00:00:18]} Bxc3 {[%clk 01:05:54]} {[%emt
00:01:39]} 29. Qxc3 {[%clk 00:51:28]} {[%emt 00:00:59]} Nd4 {[%clk 01:05:56]}
{[%emt 00:00:28]} 30. Bxd4 {[%clk 00:51:21]} {[%emt 00:00:37]} cxd4 {[%clk
01:06:10]} {[%emt 00:00:16]} 31. Qxd4 {[%clk 00:51:34]} {[%emt 00:00:16]} Rc8
{[%clk 01:04:29]} {[%emt 00:02:11]} 32. g6 {[%clk 00:51:26]} {[%emt 00:00:38]}
Ng7 {[%clk 01:04:28]} {[%emt 00:00:32]} 33. Qxd6+ {[%clk 00:51:45]} {[%emt
00:00:10]} Ke8 {[%clk 01:04:17]} {[%emt 00:00:41]} 34. Ng3 {[%clk 00:51:09]}
{[%emt 00:01:03]} Rxc2 {[%clk 01:03:23]} {[%emt 00:01:28]} 35. Qe5+ {[%clk
00:50:09]} {[%emt 00:01:26]} Kf8 {[%clk 01:03:39]} {[%emt 00:00:18]} 36. Qb8+
{[%clk 00:49:54]} {[%emt 00:00:43]} Ke7 {[%clk 01:03:52]} {[%emt 00:00:18]} 37.
Qxb7+ {[%clk 00:50:16]} {[%emt 00:00:08]} Kf8 {[%clk 01:04:04]} {[%emt
00:00:18]} 38. Qf7# {[%clk 00:50:36]} {[%emt 00:00:08]} 1-0

[Event "DEM U10w 2023"]
[Site "Willingen GER"]
[Date "2023.06.03"]
[Round "11"]
[White "Bayer, Klara"]
[Black "Tu, Tiffany"]
[Result "0-1"]
[Termination "normal"]
[Board "8"]
[WhiteElo "1043"]
[BlackElo "1071"]
[WhiteClock "00:16:24"]
[BlackClock "00:09:03"]
[PlyCount "140"]
[WhiteFideId "34658955"]
[BlackFideId "34628576"]
[EventCountry "GER"]
[EventRounds "11"]
[EventType "swiss"]
[EventDate "2023.05.27"]

1. e4 {[%clk 01:15:58]} e5 {[%clk 01:15:55]} {[%emt 00:00:06]} 2. Nf3 {[%clk
01:16:23]} {[%emt 00:00:05]} Nc6 {[%clk 01:16:18]} {[%emt 00:00:07]} 3. Bc4
{[%clk 01:16:43]} {[%emt 00:00:10]} Nf6 {[%clk 01:16:42]} {[%emt 00:00:06]} 4.
d3 {[%clk 01:17:02]} {[%emt 00:00:10]} Bc5 {[%clk 01:17:06]} {[%emt 00:00:07]}
5. c3 {[%clk 01:16:59]} {[%emt 00:00:32]} d6 {[%clk 01:17:22]} {[%emt
00:00:14]} 6. Be3 {[%clk 01:17:10]} {[%emt 00:00:18]} Bb6 {[%clk 01:17:44]}
{[%emt 00:00:09]} 7. Nbd2 {[%clk 01:17:11]} {[%emt 00:00:29]} Ne7 {[%clk
01:17:12]} {[%emt 00:01:01]} 8. O-O {[%clk 01:16:00]} {[%emt 00:01:41]} Ng6
{[%clk 01:16:44]} {[%emt 00:00:57]} 9. Re1 {[%clk 01:13:38]} {[%emt 00:02:53]}
O-O {[%clk 01:15:19]} {[%emt 00:01:56]} 10. h3 {[%clk 01:12:30]} {[%emt
00:01:36]} c6 {[%clk 01:15:01]} {[%emt 00:00:50]} 11. Rc1 {[%clk 01:11:30]}
{[%emt 00:01:31]} Re8 {[%clk 01:14:05]} {[%emt 00:01:26]} 12. Qb3 {[%clk
01:09:30]} {[%emt 00:02:29]} d5 {[%clk 01:13:01]} {[%emt 00:01:35]} 13. exd5
{[%clk 01:08:58]} {[%emt 00:01:03]} cxd5 {[%clk 01:13:06]} {[%emt 00:00:22]}
14. Bb5 {[%emt 00:03:28]} Rf8 {[%clk 01:06:28]} {[%emt 00:04:07]} 15. Bxb6
{[%clk 01:08:45]} {[%emt 00:00:48]} Qxb6 {[%clk 01:05:12]} {[%emt 00:01:46]}
16. Nxe5 {[%clk 01:07:26]} {[%emt 00:01:49]} Nxe5 {[%clk 01:03:59]} {[%emt
00:01:42]} 17. Rxe5 {[%clk 01:07:30]} {[%emt 00:00:27]} a6 {[%clk 01:04:07]}
{[%emt 00:00:21]} 18. Ba4 {[%clk 01:07:46]} {[%emt 00:00:15]} Qd6 {[%clk
01:04:19]} {[%emt 00:00:15]} 19. Ree1 {[%clk 01:07:36]} {[%emt 00:00:42]} b5
{[%clk 01:04:26]} {[%emt 00:00:24]} 20. Nf3 {[%clk 01:06:35]} {[%emt 00:01:30]}
bxa4 {[%clk 01:04:14]} {[%emt 00:00:43]} 21. Qxa4 {[%clk 01:06:54]} {[%emt
00:00:11]} Bd7 {[%clk 01:04:10]} {[%emt 00:00:32]} 22. Qc2 {[%clk 01:06:44]}
{[%emt 00:00:42]} Qf4 {[%clk 01:03:30]} {[%emt 00:01:10]} 23. Nd4 {[%clk
01:04:02]} {[%emt 00:03:11]} Qg5 {[%clk 01:01:13]} {[%emt 00:02:48]} 24. Nf3
{[%clk 01:03:50]} {[%emt 00:00:35]} Qf4 {[%clk 00:59:46]} {[%emt 00:02:04]} 25.
Nd4 {[%clk 01:03:44]} {[%emt 00:00:36]} Rab8 {[%clk 00:55:26]} {[%emt
00:04:49]} 26. Ne2 {[%clk 01:03:22]} {[%emt 00:00:47]} Qc7 {[%clk 00:50:33]}
{[%emt 00:05:29]} 27. Nd4 {[%clk 00:58:51]} {[%emt 00:05:00]} Rfe8 {[%clk
00:48:25]} {[%emt 00:02:38]} 28. Nf3 {[%clk 00:52:39]} {[%emt 00:06:42]} Rxe1+
{[%clk 00:44:55]} {[%emt 00:04:01]} 29. Rxe1 {[%clk 00:52:44]} {[%emt
00:00:25]} Qb7 {[%clk 00:45:16]} {[%emt 00:00:08]} 30. b4 {[%clk 00:50:58]}
{[%emt 00:02:17]} Rc8 {[%clk 00:45:23]} {[%emt 00:00:23]} 31. Nd4 {[%clk
00:49:54]} {[%emt 00:01:34]} Qc7 {[%clk 00:44:33]} {[%emt 00:01:17]} 32. Ne2
{[%clk 00:45:01]} {[%emt 00:05:25]} d4 {[%clk 00:41:14]} {[%emt 00:03:50]} 33.
c4 {[%clk 00:43:18]} {[%emt 00:02:13]} Re8 {[%clk 00:36:39]} {[%emt 00:05:05]}
34. Qd2 {[%clk 00:40:30]} {[%emt 00:03:18]} Qe5 {[%clk 00:33:47]} {[%emt
00:03:21]} 35. Kf1 {[%clk 00:39:00]} {[%emt 00:02:01]} Qh2 {[%clk 00:30:07]}
{[%emt 00:04:10]} 36. f3 {[%clk 00:37:42]} {[%emt 00:01:48]} h5 {[%clk
00:25:41]} {[%emt 00:04:56]} 37. Nxd4 {[%clk 00:37:15]} {[%emt 00:00:57]} Bxh3
{[%clk 00:20:45]} {[%emt 00:05:26]} 38. Rxe8+ {[%clk 00:37:03]} {[%emt
00:00:43]} Nxe8 {[%clk 00:20:47]} {[%emt 00:00:27]} 39. Qf2 {[%clk 00:33:45]}
{[%emt 00:03:46]} Qh1+ {[%clk 00:20:38]} {[%emt 00:00:40]} 40. Ke2 {[%clk
00:33:07]} {[%emt 00:01:09]} Bxg2 {[%clk 00:19:39]} {[%emt 00:01:29]} 41. a4
{[%clk 00:29:27]} {[%emt 00:04:10]} h4 {[%clk 00:19:13]} {[%emt 00:00:56]} 42.
Nf5 {[%clk 00:28:23]} {[%emt 00:01:33]} h3 {[%clk 00:18:22]} {[%emt 00:01:21]}
43. Ng3 {[%clk 00:28:31]} {[%emt 00:00:23]} Qa1 {[%clk 00:17:08]} {[%emt
00:01:26]} 44. a5 {[%clk 00:27:21]} {[%emt 00:01:57]} Qb2+ {[%clk 00:16:29]}
{[%emt 00:01:09]} 45. Ke1 {[%clk 00:26:23]} {[%emt 00:01:29]} Qxb4+ {[%clk
00:16:49]} {[%emt 00:00:10]} 46. Ke2 {[%clk 00:26:16]} {[%emt 00:00:37]} Qxa5
{[%clk 00:17:04]} {[%emt 00:00:14]} 47. c5 {[%clk 00:24:34]} {[%emt 00:02:13]}
Qa2+ {[%clk 00:16:55]} {[%emt 00:00:40]} 48. Ke1 {[%emt 00:01:42]} Qxf2+ {[%clk
00:14:01]} {[%emt 00:02:05]} 49. Kxf2 {[%clk 00:24:54]} {[%emt 00:00:17]} a5
{[%clk 00:14:26]} {[%emt 00:00:05]} 50. Ne4 {[%clk 00:23:29]} {[%emt 00:01:54]}
a4 {[%clk 00:14:23]} {[%emt 00:00:33]} 51. Nc3 {[%clk 00:23:33]} {[%emt
00:00:25]} a3 {[%clk 00:14:46]} {[%emt 00:00:07]} 52. c6 {[%clk 00:23:22]}
{[%emt 00:00:42]} g5 {[%clk 00:14:52]} {[%emt 00:00:22]} 53. d4 {[%clk
00:23:22]} {[%emt 00:00:33]} Kf8 {[%clk 00:13:59]} {[%emt 00:01:23]} 54. d5
{[%clk 00:23:01]} {[%emt 00:00:50]} Ke7 {[%clk 00:14:04]} {[%emt 00:00:25]} 55.
Na2 {[%clk 00:20:40]} {[%emt 00:02:51]} Kd6 {[%clk 00:13:22]} {[%emt 00:01:12]}
56. Nc3 {[%clk 00:19:28]} {[%emt 00:01:42]} f5 {[%clk 00:12:49]} {[%emt
00:01:02]} 57. Kg3 {[%clk 00:18:21]} {[%emt 00:01:37]} a2 {[%clk 00:11:48]}
{[%emt 00:01:33]} 58. Nxa2 {[%clk 00:18:36]} {[%emt 00:00:14]} Kxd5 {[%clk
00:11:59]} {[%emt 00:00:18]} 59. Nc3+ {[%emt 00:00:54]} Kxc6 {[%clk 00:12:09]}
{[%emt 00:00:04]} 60. Ne2 {[%clk 00:18:37]} {[%emt 00:00:22]} Ng7 {[%clk
00:10:22]} {[%emt 00:02:16]} 61. Kh2 {[%clk 00:18:00]} {[%emt 00:01:08]} Kd5
{[%clk 00:08:47]} {[%emt 00:02:05]} 62. f4 {[%clk 00:17:51]} {[%emt 00:00:40]}
g4 {[%clk 00:08:39]} {[%emt 00:00:36]} 63. Ng3 {[%clk 00:18:03]} {[%emt
00:00:19]} Kd4 {[%clk 00:08:50]} {[%emt 00:00:18]} 64. Ne2+ {[%clk 00:17:53]}
{[%emt 00:00:41]} Ke3 {[%clk 00:08:57]} {[%emt 00:00:24]} 65. Ng3 {[%clk
00:18:12]} {[%emt 00:00:10]} Kf3 {[%clk 00:08:48]} {[%emt 00:00:35]} 66. Kg1
{[%clk 00:17:54]} {[%emt 00:00:52]} Kxf4 {[%clk 00:08:32]} {[%emt 00:00:45]}
67. Kh2 {[%clk 00:17:58]} {[%emt 00:00:27]} Kf3 {[%clk 00:08:39]} {[%emt
00:00:21]} 68. Kg1 {[%clk 00:18:17]} {[%emt 00:00:13]} f4 {[%clk 00:08:53]}
{[%emt 00:00:16]} 69. Ne2 {[%clk 00:16:12]} {[%emt 00:02:35]} Kxe2 {[%clk
00:08:41]} {[%emt 00:00:42]} 70. Kh2 {[%clk 00:16:24]} {[%emt 00:00:17]} f3
{[%clk 00:09:03]} {[%emt 00:00:08]} 0-1

[Event "DEM U10w 2023"]
[Site "Willingen GER"]
[Date "2023.06.03"]
[Round "11"]
[White "Kübart, Ela Marie"]
[Black "Birkenheier, Larissa"]
[Result "1-0"]
[Termination "normal"]
[Board "9"]
[WhiteElo "1198"]
[BlackElo "1210"]
[WhiteClock "00:42:00"]
[BlackClock "00:51:07"]
[PlyCount "139"]
[WhiteFideId "34633723"]
[BlackFideId "34626379"]
[EventCountry "GER"]
[EventRounds "11"]
[EventType "swiss"]
[EventDate "2023.05.27"]

1. e4 {[%clk 01:15:59]} e5 {[%clk 01:15:49]} {[%emt 00:00:12]} 2. Nf3 {[%clk
01:16:25]} {[%emt 00:00:04]} Nc6 {[%clk 01:15:56]} {[%emt 00:00:22]} 3. Nc3
{[%clk 01:16:49]} {[%emt 00:00:06]} Nf6 {[%clk 01:15:52]} {[%emt 00:00:33]} 4.
Bb5 {[%clk 01:17:13]} {[%emt 00:00:06]} Bb4 {[%clk 01:14:54]} {[%emt 00:01:29]}
5. d3 {[%clk 01:17:11]} {[%emt 00:00:33]} d6 {[%clk 01:14:42]} {[%emt
00:00:41]} 6. O-O {[%clk 01:17:19]} {[%emt 00:00:22]} O-O {[%clk 01:13:48]}
{[%emt 00:01:24]} 7. Bg5 {[%clk 01:13:25]} {[%emt 00:04:23]} h6 {[%clk
01:13:23]} {[%emt 00:00:55]} 8. Bh4 {[%clk 01:13:48]} {[%emt 00:00:08]} a6
{[%clk 01:12:05]} {[%emt 00:01:49]} 9. Bxc6 {[%clk 01:14:10]} {[%emt 00:00:07]}
bxc6 {[%clk 01:12:27]} {[%emt 00:00:08]} 10. Ne2 {[%clk 01:14:12]} {[%emt
00:00:29]} Bg4 {[%clk 01:11:28]} {[%emt 00:01:27]} 11. Ng3 {[%clk 01:14:08]}
{[%emt 00:00:34]} Re8 {[%clk 01:09:51]} {[%emt 00:02:08]} 12. c3 {[%clk
01:14:06]} {[%emt 00:00:32]} Ba5 {[%clk 01:08:51]} {[%emt 00:01:30]} 13. Re1
{[%clk 01:14:01]} {[%emt 00:00:34]} Rb8 {[%clk 01:07:50]} {[%emt 00:01:32]} 14.
Rb1 {[%clk 01:13:53]} {[%emt 00:00:38]} c5 {[%clk 01:05:40]} {[%emt 00:02:40]}
15. h3 {[%clk 01:14:11]} {[%emt 00:00:09]} Be6 {[%clk 01:04:52]} {[%emt
00:01:21]} 16. Qa4 {[%clk 01:09:50]} {[%emt 00:04:48]} Bb6 {[%clk 01:03:46]}
{[%emt 00:01:39]} 17. Bxf6 {[%clk 01:08:47]} {[%emt 00:01:33]} Qxf6 {[%clk
01:03:28]} {[%emt 00:00:47]} 18. Qxa6 {[%clk 01:08:29]} {[%emt 00:00:49]} Bxh3
{[%clk 01:01:54]} {[%emt 00:02:03]} 19. Re3 {[%clk 01:04:10]} {[%emt 00:04:50]}
Bg4 {[%clk 00:59:54]} {[%emt 00:02:29]} 20. Qc4 {[%clk 01:00:30]} {[%emt
00:04:10]} Ra8 {[%clk 00:58:37]} {[%emt 00:01:49]} 21. Ra1 {[%clk 00:57:02]}
{[%emt 00:03:40]} Be6 {[%clk 00:58:28]} {[%emt 00:00:56]} 22. Qb5 {[%clk
00:56:52]} {[%emt 00:00:39]} Reb8 {[%clk 00:57:42]} {[%emt 00:01:17]} 23. c4
{[%clk 00:55:45]} {[%emt 00:01:37]} Ba5 {[%clk 00:57:24]} {[%emt 00:00:48]} 24.
Qc6 {[%clk 00:55:27]} {[%emt 00:00:46]} Qe7 {[%clk 00:54:34]} {[%emt 00:03:22]}
25. b3 {[%clk 00:54:19]} {[%emt 00:01:38]} Bd7 {[%clk 00:54:40]} {[%emt
00:00:24]} 26. Nf5 {[%clk 00:51:23]} {[%emt 00:03:25]} Qe8 {[%clk 00:53:33]}
{[%emt 00:01:38]} 27. Qd5 {[%clk 00:50:52]} {[%emt 00:00:59]} Bc6 {[%clk
00:53:44]} {[%emt 00:00:19]} 28. Qxc6 {[%clk 00:50:46]} {[%emt 00:00:37]} Qxc6
{[%clk 00:53:22]} {[%emt 00:00:53]} 29. Ne7+ {[%clk 00:51:09]} {[%emt
00:00:07]} Kf8 {[%clk 00:53:47]} {[%emt 00:00:06]} 30. Nxc6 {[%clk 00:51:29]}
{[%emt 00:00:09]} Rb6 {[%clk 00:53:43]} {[%emt 00:00:34]} 31. Nxa5 {[%clk
00:51:24]} {[%emt 00:00:36]} Rxa5 {[%clk 00:54:10]} {[%emt 00:00:03]} 32. Ree1
{[%clk 00:50:55]} {[%emt 00:00:57]} g5 {[%clk 00:53:19]} {[%emt 00:01:22]} 33.
Reb1 {[%clk 00:50:14]} {[%emt 00:01:10]} Ra3 {[%clk 00:52:50]} {[%emt
00:01:00]} 34. Nd2 {[%clk 00:48:42]} {[%emt 00:02:00]} Kg7 {[%clk 00:52:25]}
{[%emt 00:00:57]} 35. Kf1 {[%clk 00:48:42]} {[%emt 00:00:29]} Kg6 {[%clk
00:52:26]} {[%emt 00:00:30]} 36. Ke2 {[%clk 00:49:00]} {[%emt 00:00:12]} h5
{[%clk 00:52:00]} {[%emt 00:00:56]} 37. g3 {[%clk 00:48:34]} {[%emt 00:00:56]}
h4 {[%clk 00:51:54]} {[%emt 00:00:36]} 38. gxh4 {[%clk 00:48:29]} {[%emt
00:00:34]} gxh4 {[%clk 00:52:12]} {[%emt 00:00:13]} 39. Rh1 {[%clk 00:48:39]}
{[%emt 00:00:19]} Kh5 {[%clk 00:52:26]} {[%emt 00:00:17]} 40. Nf3 {[%clk
00:48:20]} {[%emt 00:00:47]} Kg6 {[%clk 00:52:33]} {[%emt 00:00:25]} 41. Nxh4+
{[%clk 00:47:42]} {[%emt 00:01:07]} Kf6 {[%clk 00:52:56]} {[%emt 00:00:09]} 42.
Ke3 {[%clk 00:47:51]} {[%emt 00:00:19]} Rb8 {[%clk 00:53:03]} {[%emt 00:00:24]}
43. f4 {[%clk 00:47:46]} {[%emt 00:00:33]} Rh8 {[%clk 00:53:12]} {[%emt
00:00:23]} 44. Rh2 {[%clk 00:47:34]} {[%emt 00:00:41]} Rg8 {[%clk 00:53:00]}
{[%emt 00:00:43]} 45. fxe5+ {[%clk 00:47:27]} {[%emt 00:00:37]} Kxe5 {[%clk
00:53:13]} {[%emt 00:00:17]} 46. Nf3+ {[%clk 00:47:25]} {[%emt 00:00:31]} Ke6
{[%clk 00:53:21]} {[%emt 00:00:23]} 47. d4 {[%clk 00:46:35]} {[%emt 00:01:19]}
cxd4+ {[%clk 00:52:23]} {[%emt 00:01:29]} 48. Nxd4+ {[%clk 00:46:20]} {[%emt
00:00:44]} Ke5 {[%clk 00:52:32]} {[%emt 00:00:22]} 49. Rh5+ {[%clk 00:46:07]}
{[%emt 00:00:41]} Kf6 {[%clk 00:52:47]} {[%emt 00:00:17]} 50. Rf5+ {[%clk
00:46:02]} {[%emt 00:00:32]} Ke7 {[%clk 00:53:05]} {[%emt 00:00:14]} 51. e5
{[%clk 00:45:39]} {[%emt 00:00:53]} dxe5 {[%clk 00:52:59]} {[%emt 00:00:37]}
52. Rxe5+ {[%clk 00:45:55]} {[%emt 00:00:12]} Kf6 {[%clk 00:53:15]} {[%emt
00:00:16]} 53. Rf5+ {[%clk 00:45:58]} {[%emt 00:00:25]} Ke7 {[%clk 00:53:35]}
{[%emt 00:00:12]} 54. c5 {[%clk 00:45:09]} {[%emt 00:01:18]} Raa8 {[%clk
00:52:24]} {[%emt 00:01:42]} 55. a4 {[%clk 00:44:43]} {[%emt 00:00:55]} Kd7
{[%clk 00:49:40]} {[%emt 00:03:14]} 56. Rxf7+ {[%clk 00:44:45]} {[%emt
00:00:28]} Kc8 {[%clk 00:50:02]} {[%emt 00:00:09]} 57. c6 {[%clk 00:44:56]}
{[%emt 00:00:19]} Ra5 {[%clk 00:49:49]} {[%emt 00:00:43]} 58. Rg1 {[%clk
00:45:01]} {[%emt 00:00:25]} Re8+ {[%clk 00:49:58]} {[%emt 00:00:20]} 59. Kd3
{[%clk 00:44:56]} {[%emt 00:00:35]} Rae5 {[%clk 00:50:04]} {[%emt 00:00:24]}
60. Rgf1 {[%clk 00:44:22]} {[%emt 00:01:04]} Re3+ {[%clk 00:50:04]} {[%emt
00:00:31]} 61. Kc4 {[%clk 00:43:03]} {[%emt 00:01:47]} R3e5 {[%clk 00:49:39]}
{[%emt 00:00:57]} 62. Rf8 {[%clk 00:42:42]} {[%emt 00:00:49]} R5e7 {[%clk
00:49:54]} {[%emt 00:00:17]} 63. R1f5 {[%clk 00:41:45]} {[%emt 00:01:24]} Re1
{[%clk 00:49:50]} {[%emt 00:00:37]} 64. Ra5 {[%clk 00:40:46]} {[%emt 00:01:28]}
Kd8 {[%clk 00:49:31]} {[%emt 00:00:49]} 65. Ra8+ {[%clk 00:40:51]} {[%emt
00:00:25]} Ke7 {[%clk 00:49:29]} {[%emt 00:00:33]} 66. Rfxe8+ {[%clk 00:41:02]}
{[%emt 00:00:18]} Kf6 {[%clk 00:49:52]} {[%emt 00:00:08]} 67. Rxe1 {[%clk
00:41:14]} {[%emt 00:00:17]} Kg5 {[%clk 00:50:17]} {[%emt 00:00:06]} 68. Rf8
{[%clk 00:41:29]} {[%emt 00:00:14]} Kg6 {[%clk 00:50:40]} {[%emt 00:00:08]} 69.
Rg1+ {[%clk 00:41:44]} {[%emt 00:00:13]} Kh7 {[%clk 00:51:07]} {[%emt
00:00:05]} 70. Rf2 {[%clk 00:42:00]} {[%emt 00:00:13]} 1-0